チェス: 食われないようにしよう #6 - Sudden Death - Statistics

General Stats
  • This quiz has been taken 84 times
  • The average score is 9 of 28
Answers on the Grid
Answers color-coded by a green-red scale on the quiz's grid according to % correct below.
a8
b8
c8
d8
e8
f8
g8
h8
a7
b7
c7
d7
e7
f7
g7
h7
a6
d6
e6
f6
g6
h6
a5
b5
g5
h5
a4
b4
d4
f4
g4
h4
a3
f3
g3
h3
a2
b2
c2
d2
e2
f2
g2
h2
a1
b1
c1
d1
e1
f1
g1
h1
 
Answer Stats
Answer % Correct
g8
44%
f8
41%
h7
38%
a7
38%
h8
38%
c8
36%
e6
36%
f7
36%
h1
33%
h3
33%
a5
33%
c7
33%
g1
33%
h5
31%
a1
31%
f6
31%
f1
28%
g4
28%
c1
28%
d8
28%
e1
28%
g5
28%
h2
28%
g6
26%
d2
26%
g2
23%
f2
23%
f4
23%
No matching quizzes found
Score Distribution
Percent of People with Each Score
Percentile by Number Answered
Your Score History
You have not taken this quiz